000 00597nam a2200181 a 4500
001 000001763
005 20200929145706.0
008 090626s2007 sp a 001 0 spa d
020 _a9788496421646
040 _aDO-SdBNP
082 _axxx
_bJ61e
100 1 _aJiménes, Juan Carlos
_95739
245 1 3 _aEl español :
_bvalor de un activo económico /
_cJuan Carlos Jiménes.
260 _aMadrid :
_bInstituto universitario de investigación Ortega y Gasset,
_c2007.
300 _a110 p. :
_bil. ;
_c27 cm.
500 _aIncluye índice
504 _aIncluye referencias bibliográficas (p. 103-110)
999 _c1640
_d1640